| 000 | 01149nam a22002537a 4500 | ||
|---|---|---|---|
| 999 |
_c22503 _d22503 |
||
| 003 | AR-CdUCM | ||
| 008 | 190409b ||||| |||| 00| 0 spa d | ||
| 040 |
_aMUNICIPALIDAD PROVINCIAL DEL CUSCO _cBIBLIOTECA MUNICIPAL DEL CUSCO |
||
| 082 |
_a985.312/T79 _bT79 |
||
| 100 |
_aTrevejo Méndez, Jorge _948349 |
||
| 245 |
_aJueces de agua : _bsistema tradicional de Corongo / _c[investigación y textos, Jorge Trevejo Méndez, Juan Carlos Sevilla Gildemeister, Pedro Roel Mendizábal] |
||
| 260 |
_aLima : _bMinisterio de Cultura, _c2016. |
||
| 300 |
_a141páginas : _bil. col., mapas ; _c26 cm. |
||
| 500 |
_aAntes del título: Patrimonio cultural de la nación.
Datos históricos sobre una institución ancestral en la ciudad de Corongo. _zBibliografía: p. [126]-129. |
||
| 650 |
_aOrganización de la comunidad _948350 |
||
| 650 |
_aRecursos hidrológicos _95625 |
||
| 650 |
_aDistribución del agua _948351 |
||
| 650 |
_aVida y costumbres sociales _9857 |
||
| 700 |
_aSevilla Gildemeister, Juan Carlos _948352 |
||
| 700 |
_aRoel Mendizábal, Pedro _948327 |
||
| 710 |
_aMinisterio de Cultura Perú _948332 |
||
| 942 |
_2ddc _cLIBROS |
||
| 945 | _arac | ||